- Dawson, Juno
Entrada Nombre personal
Número de registros utilizados en: 1
001 - NÚMERO DE CONTROL
- campo de control: 30491
003 - IDENTIFICADOR DEL NÚMERO DE CONTROL
- campo de control: DLC
005 - FECHA Y HORA DE LA ÚLTIMA TRANSACCIÓN
- campo de control: 20251106154140.0
008 - DATOS DE LONGITUD FIJA
- campo de control de longitud fija: 121003n| azannaabn |a aaa
010 ## - NÚMERO DE CONTROL DE LA BIBLIOTECA DEL CONGRESO
- Número de control de LC: nb2012022986
035 ## - NÚMERO DE CONTROL DEL SISTEMA
- Número de control de sistema: (Uk)008594881
035 ## - NÚMERO DE CONTROL DEL SISTEMA
- Número de control de sistema: (OCoLC)oca09318511
040 ## - FUENTE DE LA CATALOGACIÓN
- Centro catalogador/agencia de origen: Uk
- Lengua de catalogación: eng
- Normas de descripción: rda
- Centro/agencia transcriptor: Uk
- Centro/agencia modificador: Uk
- Centro/agencia modificador: MiD
- Centro/agencia modificador: WaU
- Centro/agencia modificador: DLC
- Centro/agencia modificador: GVaS
- Centro/agencia modificador: MnMHCL
046 ## - FECHAS CON CODIFICACIÓN ESPECIAL
- Período de inicio: 20
053 #0 - NÚMERO DE CLASIFICACIÓN LC
- Número de clasificación–único número o número inicial del rango: PR6104.A8868
100 1# - ENCABEZAMIENTO-NOMBRE DE PERSONA
- Nombre de persona: Dawson, Juno
- Fechas asociadas al nombre: 1981-
368 ## - OTROS ATRIBUTOS DE PERSONA O ENTIDAD CORPORATIVA
- Otra designación: English
- Otra designación: Britons
- Fuente: lcdgt
370 ## - LUGAR ASOCIADO
- País asociado: Great Britain
- País asociado: England
- Lugar de residencia/sede: West Yorkshire (England)
- Lugar de residencia/sede: London (England)
- Lugar de residencia/sede: Brighton (England)
- Fuente del término: lcdgt
372 ## - CAMPO DE ACTIVIDAD
- Campo de actividad: Young adult fiction
- Campo de actividad: Fiction
- Campo de actividad: Education
- Campo de actividad: Journalism
- Campo de actividad: Motion picture authorship
- Fuente del término: lcsh
374 ## - OCUPACIÓN
- Ocupación: Authors
- Ocupación: Journalists
- Ocupación: Teachers
- Ocupación: Screenwriters
- Fuente del término: lcsh
377 ## - LENGUA/LENGUAJE ASOCIADO
- Código del idioma: eng
400 1# - TRAZADO DE VÉASE--NOMBRE DE PERSONA
- Subcampo de control: nne
- Nombre de persona: Dawson, James
- Títulos y otros términos asociados al nombre: (Young adult fiction writer)
670 ## - FUENTE DE DATOS ENCONTRADOS
- Cita de la fuente: Hollow Pike, 2012:
- Información encontrada: t.p. (James Dawson) jacket flap (grew up in West Yorkshire, worked as teacher, now writes full time in London)
670 ## - FUENTE DE DATOS ENCONTRADOS
- Cita de la fuente: Margot and me, 2017:
- Información encontrada: CIP t.p. (Juno Dawson)
670 ## - FUENTE DE DATOS ENCONTRADOS
- Cita de la fuente: Author's website, viewed 5th September 2016:
- Información encontrada: Home page ("Juno" will replace "James" on backlist titles when reprinted) About page (Juno Dawson, formerly known as James; in 2015 Juno announced her intention to undergo gender transition)
670 ## - FUENTE DE DATOS ENCONTRADOS
- Cita de la fuente: This book is gay, 2015 (2nd printing):
- Información encontrada: title page (James Dawson) page 264 (was a teacher specializing in Personal, Social, Health, and Citizenship Education (PSHCE) in the UK; he wrote Being a Boy; has written four young adult novels; lives and writes in London, where he is a columnist at Attitude magazine)
670 ## - FUENTE DE DATOS ENCONTRADOS
- Cita de la fuente: This book is gay, 2015 (12th printing):
- Información encontrada: title page (Juno Dawson) page 264 (June Dawson, formerly known as James; regular contributor to Attitude magazine, Glamour magazine, and the Guardian, and she has contributed to news items on BBC's Woman's Hour, Front Row, ITV News, Channel 5 News, This Morning, and Newsnight; lives in Brighton)
670 ## - FUENTE DE DATOS ENCONTRADOS
- Cita de la fuente: Her majesty's royal coven, 2022:
- Información encontrada: ECIP title page (Juno Dawson) data view (adult fiction)